Statistics for Musical Acts by State - Kentucky

Click here to take the quiz!

General Stats

  • This quiz has been taken 29 times
  • The average score is 6 of 30

Answer Stats

City/TownSongsAnswer% Correct
FlatwoodsAchy Breaky Heart | Busy ManBilly Ray Cyrus
96%
Butcher HollowCoal Miner's Daughter | Louisiana Woman Mississippi ManLoretta Lynn
65%
Bowling GreenAin't No Rest For The Wicked | Cigarette DaydreamsCage the Elephant
46%
LouisvilleWhat's Poppin | Tyler HerroJack Harlow
42%
LexingtonTennessee Whiskey | Broken HalosChris Stapleton
38%
RichmondKiss You All Over | The Part Of Me That Needs You MostExile
35%
AnchorageOne Of Us | St. TeresaJoan Osborne
23%
DanvilleSold (The Grundy County Auction Incident) | I SwearJohn Michael Montgomery
23%
AshlandDon't Close Your Eyes | When You Say Nothing At AllKeith Whitley
23%
AshlandGrandpa (Tell Me 'Bout The Good Old Days) | Why Not MeThe Judds
19%
LouisvilleDon't | ExchangeBryson Tiller
15%
HarlanGrown-Up Christmas List | Only LoveJordan Smith
15%
EdmontonDumas Walker | Walk Softly On This Heart Of MineThe Kentucky Headhunters
15%
FrankfortMidas Touch | CuriousMidnight Star
12%
SummitSomething To Be Proud Of | Where I Come FromMontgomery Gentry
12%
MaysvilleMambo Italiano | SwayRosemary Clooney
12%
?Marea (We've Lost Dancing) | Serotonin MoonbeamsThe Blessed Madonna
12%
EdmontonWhite Trash Millionaire | Me And Mary JaneBlack Stone Cherry
8%
Taylor MillEvery Little Thing | I Hope You’re Happy NowCarly Pearce
8%
PikevilleYou Don't Even Know Who I Am | You'll Never Leave Harlan AlivePatty Loveless
8%
LexingtonBig Mouth | I LikeRubi Rose
8%
LouisvilleWordless Chorus | Touch Me I'm Going to Scream, Pt. 2My Morning Jacket
4%
Blue LickChattanoogie Shoe Shine Boy | Smoke On The WaterRed Foley
4%
CordellCrying My Heart Out Over You | Highway 40 BluesRicky Skaggs
4%
PaducahCinderella | I Will Be HereSteven Curtis Chapman
4%
Lawrence CountyFeathered Indians | All Your'nTyler Childers
4%
GlasgowSail Along, Silv'ry Moon | Melody Of LoveBilly Vaughn
0%
Louisville5500 Degrees | Members OnlyEST Gee
0%
Bowling GreenGood Day | Po' FolksNappy Roots
0%
Bowling GreenMarianne | P.S. I Love YouThe Hilltoppers
0%

Score Distribution

Percentile by Number Answered

Percent of People with Each Score

Your Score History

You have not taken this quiz